000 00569nam a2200193Ia 4500
005 20250326144908.0
008 250326s9999 xx 000 0 und d
020 _a0-631-23276-1
037 _aTextbook
040 _aFMSL
_beng
_cFMSL
041 _aeng
_2eng
084 _aX:8 P3
_qFMSL
100 _aShani A B
_9271937
245 0 _aLearning by design : building sustainable organizations
_cShani A B; Docherty P
260 _aUnited Kingdom
_bUnited Kingdom, Blackwell
_c2003
300 _axix,216
942 _cTB
_hX:8 P3
999 _c1305509
_d1305509